| 000 | 00510nam a2200169Ia 4500 | ||
|---|---|---|---|
| 003 | GCL | ||
| 005 | 20240530105328.0 | ||
| 008 | 140319s9999 xx 000 0 ara d | ||
| 040 |
_aGCL / _cGCL |
||
| 082 | 0 | 4 |
_a531.1 _bج م |
| 100 | 0 | _aجلال القبرصى | |
| 245 | 1 | 0 |
_aالوحدات الدولية المترية / _cجلال القبرصى |
| 260 |
_a[S.N] : _bدار الراتب الجامعية ، _c1989 |
||
| 300 |
_a2 مج ؛ _c24 سم |
||
| 650 | 0 | 7 | _aالميكانيكا |
| 942 |
_2ddc _cBK |
||
| 999 |
_c54975 _d54975 |
||